[Event "Twente Young Master op-B"]
[Site "Twente"]
[Date "2007.08.10"]
[Round "8"]
[White "Brus, Derk"]
[Black "Krah, Laurens"]
[Result "0-1"]
[WhiteElo "1388"]
[BlackElo "1000"]
[PlyCount "78"]
[EventDate "2007.08.06"]
[EventType "swiss"]
[EventRounds "9"]
[EventCountry "NED"]
[SourceTitle "EXT 2008"]
[Source "ChessBase"]
[SourceDate "2007.11.25"]
[SourceVersion "1"]
[SourceVersionDate "2007.11.25"]
[SourceQuality "1"]

1. e4 d5 2. exd5 Nf6 3. Nf3 Nxd5 4. d4 Be6 5. Bc4 Nc6 6. Bxd5 Bxd5 7. c3 Qd7 8. h3 0-0-0 9. Bf4 Bc4 10. Nbd2 Qe6+ 11. Be3 Bb5 12. b3 g6 13. c4 Nxd4 14. Nxd4 Rxd4 15. cxb5 Bh6 16. Qe2 Bxe3 17. Qxe3 Qd5 18. Nf3 Re4 19. 0-0 Rxe3 20. fxe3 Qxb5 21. Nd4 Qe5 22. Nc2 f5 23. Rac1 Rd8 24. Rf4 Rd2 25. Kh1 Qd5 26. Ne1 Rd1 27. Rxd1 Qxd1 28. Rf1 Qe2 29. Kg1 Qxe3+ 30. Kh1 e5 31. Nf3 e4 32. Ne5 Qe2 33. Rf4 e3 34. Nf3 Qd1+ 35. Kh2 e2 36. Rh4 e1Q 37. Nxe1 Qxe1 38. Rxh7 b5 39. Rg7 Qe5+ 0-1

[Event "Twente Young Master op-B"]
[Site "Twente"]
[Date "2007.08.07"]
[Round "2"]
[White "Geerts, Truike"]
[Black "Krah, Laurens"]
[Result "1-0"]
[WhiteElo "1542"]
[BlackElo "1000"]
[PlyCount "83"]
[EventDate "2007.08.06"]
[EventType "swiss"]
[EventRounds "9"]
[EventCountry "NED"]
[SourceTitle "EXT 2008"]
[Source "ChessBase"]
[SourceDate "2007.11.25"]
[SourceVersion "1"]
[SourceVersionDate "2007.11.25"]
[SourceQuality "1"]

1. Nc3 c5 2. e4 Nc6 3. g3 b6 4. Bg2 Bb7 5. Nge2 e5 6. 0-0 Nf6 7. h3 Nd4 8. d3 Be7 9. Nxd4 cxd4 10. Ne2 0-0 11. f4 Qc7 12. f5 Qc5 13. Bd2 Rab8 14. a3 Rfe8 15. g4 b5 16. Ng3 d5 17. g5 Nxe4 18. dxe4 d3+ 19. Kh2 dxc2 20. Qh5 g6 21. Qh4 Qc4 22. f6 Bf8 23. Rf3 dxe4 24. Rc3 c1Q 25. Raxc1 Qa4 26. b4 Rbd8 27. Be3 Rd3 28. Rxd3 exd3 29. Bxb7 Qxa3 30. Rd1 Bxb4 31. Bc6 Rc8 32. Bxb5 Rc2+ 33. Kh1 Qb2 34. Nf1 Bd6 35. Bxd3 Qb7+ 36. Qe4 Rc6 37. Rc1 Qd7 38. Qxc6 Qxh3+ 39. Nh2 Qxe3 40. Qc8+ Bf8 41. Qxf8+ Kxf8 42. Rc8# 1-0